000 00479nam a2200157 i 4500
001 21448
003 ES-MaACL
005 20230906152459.0
007 t|
008 021125s1970 sp ||||1| spa d
100 1 _aAlcalá de los Gazules, Miguel.
_919456
245 1 0 _aHistoria de un gran amor
_b: (seiscientos sonetos a una dama) /
_cMiguel Alcalá de los Gazules.
260 _aMadrid :
_bCabal,
_c[1970]
300 _a729 p. ;
_c16 cm.
852 _aES-MaACL
_jC-40771
_bR.76070
999 _c21448
_d21448